000 00582nam a22001937a 4500
003 MPLRDC
005 20220104202741.0
008 210129b ||||| |||| 00| 0 eng d
020 _a978-986-5912-29-1
082 _a427.16 FTCZ
100 _a福田淳子 JUNKO FUKUDA
245 _a趁热吃,最好吃!
_c黄薇嫔 译; 三村健二 摄影
250 _a初版二刷
260 _a台湾
_b精诚资讯股份有限公司, 悦知文化
_c2013
300 _b
520 _a新书上架 2018-04-17。
650 _a点心制法,糕点制法
942 _cBK
_o427.16 FTCZ
999 _c67801
_d67791